<?xml version="1.0" encoding="UTF-8"?>
<collection xmlns="http://www.loc.gov/MARC21/slim">
  <record>
    <leader>00000nam  2200000   4500</leader>
    <controlfield tag="001">INLIS000000000015686</controlfield>
    <controlfield tag="005">20230815092656</controlfield>
    <datafield tag="035" ind1="#" ind2="#">
      <subfield code="a">0010-0823000012</subfield>
    </datafield>
    <controlfield tag="007">ta</controlfield>
    <controlfield tag="008">230815################|##########|#|##</controlfield>
    <datafield tag="084" ind1="#" ind2="#">
      <subfield code="a">R 004 PIM II 2022</subfield>
    </datafield>
    <datafield tag="100" ind1=" " ind2="#">
      <subfield code="a">Akmal Khairi</subfield>
    </datafield>
    <datafield tag="245" ind1="1" ind2="#">
      <subfield code="a">Strategi Meningkatkan Investasi Melalui Pekanbaru Investment Center (PIC) /</subfield>
      <subfield code="c">Akmal Khairi</subfield>
    </datafield>
    <datafield tag="250" ind1="#" ind2="#">
      <subfield code="a">1</subfield>
    </datafield>
    <datafield tag="260" ind1="#" ind2="#">
      <subfield code="a">Jakarta :</subfield>
      <subfield code="b">Pusbangkom Pimnas dan Manajerial ASN,</subfield>
      <subfield code="c">2022</subfield>
    </datafield>
    <datafield tag="300" ind1="#" ind2="#">
      <subfield code="a">83 halaman :</subfield>
      <subfield code="b">ilus ;</subfield>
      <subfield code="c">30 cm</subfield>
    </datafield>
    <datafield tag="650" ind1="#" ind2="4">
      <subfield code="a">Investasi</subfield>
    </datafield>
    <datafield tag="520" ind1="#" ind2="#">
      <subfield code="a">Kota Pekabaru sebagai kota Provinsi Riau merupakan salah satu kota tujuan investasi yang diminati oleh investor di wilayah Sumatera. Sektor yang menjadi unggulan Kota Pekanbaru adalah Perdagangan, Jasa dan Industri. Seharusnya realisasi investasi Kota Pekanbaru sudah atau bahkan melebihi dari target yang ditetapkan baik oleh Pemerintah Kota Pekanbaru maupun dari Kementerian Investasi melalui DPMPTSP Propinsi Riau. Namun saat ini Pemerintah Kota Pekanbaru belum dapat memenuhi target realisasi investasi yang ditetapkan.</subfield>
    </datafield>
    <datafield tag="990" ind1="#" ind2="#">
      <subfield code="a">004</subfield>
    </datafield>
  </record>
</collection>
